<?xml version="1.0" encoding="UTF-8"?>
<collection xmlns="http://www.loc.gov/MARC21/slim">
 <record>
  <leader>01387nam a2200289 a 4500</leader>
  <controlfield tag="001">563310</controlfield>
  <controlfield tag="008">111228s1990    ilua          001 0 eng d</controlfield>
  <datafield tag="010" ind1=" " ind2=" ">
   <subfield code="a">   89010738 </subfield>
  </datafield>
  <datafield tag="020" ind1=" " ind2=" ">
   <subfield code="a">0673385760</subfield>
  </datafield>
  <datafield tag="040" ind1=" " ind2=" ">
   <subfield code="a">DLC</subfield>
   <subfield code="c">DLC</subfield>
   <subfield code="d">DLC</subfield>
   <subfield code="d">BD-DhAAL</subfield>
  </datafield>
  <datafield tag="082" ind1="0" ind2="0">
   <subfield code="a">512/.13</subfield>
   <subfield code="2">20</subfield>
  </datafield>
  <datafield tag="100" ind1="1" ind2=" ">
   <subfield code="a">Lial, Margaret L.</subfield>
  </datafield>
  <datafield tag="245" ind1="1" ind2="0">
   <subfield code="a">Algebra and trigonometry /</subfield>
   <subfield code="c">Margaret L. Lial, Charles D. Miller, David I. Schneider.</subfield>
  </datafield>
  <datafield tag="250" ind1=" " ind2=" ">
   <subfield code="a">5th ed.</subfield>
  </datafield>
  <datafield tag="260" ind1=" " ind2=" ">
   <subfield code="a">Glenview, Ill. :</subfield>
   <subfield code="b">Scott, Foresman/Little, Brown Higher Education,</subfield>
   <subfield code="c">c1990.</subfield>
  </datafield>
  <datafield tag="300" ind1=" " ind2=" ">
   <subfield code="a">xv, 735 p. :</subfield>
   <subfield code="b">ill. (some col.) ;</subfield>
   <subfield code="c">24 cm.</subfield>
  </datafield>
  <datafield tag="500" ind1=" " ind2=" ">
   <subfield code="a">Includes index.</subfield>
  </datafield>
  <datafield tag="541" ind1="1" ind2=" ">
   <subfield code="e">00024135</subfield>
  </datafield>
  <datafield tag="650" ind1=" " ind2="0">
   <subfield code="a">Algebra.</subfield>
  </datafield>
  <datafield tag="650" ind1=" " ind2="0">
   <subfield code="a">Trigonometry.</subfield>
  </datafield>
  <datafield tag="700" ind1="1" ind2=" ">
   <subfield code="a">Miller, Charles David,</subfield>
   <subfield code="d">1942-</subfield>
  </datafield>
  <datafield tag="700" ind1="1" ind2=" ">
   <subfield code="a">Schneider, David I.</subfield>
  </datafield>
  <datafield tag="852" ind1="1" ind2=" ">
   <subfield code="a">Ayesha Abed Library</subfield>
   <subfield code="j">General shelf</subfield>
  </datafield>
  <datafield tag="999" ind1=" " ind2=" ">
   <subfield code="c">11708</subfield>
   <subfield code="d">11708</subfield>
  </datafield>
  <datafield tag="952" ind1=" " ind2=" ">
   <subfield code="0">0</subfield>
   <subfield code="1">0</subfield>
   <subfield code="4">0</subfield>
   <subfield code="6">512_130000000000000_LIA</subfield>
   <subfield code="7">0</subfield>
   <subfield code="9">19038</subfield>
   <subfield code="a">BRACUL</subfield>
   <subfield code="b">BRACUL</subfield>
   <subfield code="c">GEN</subfield>
   <subfield code="d">2011-12-29</subfield>
   <subfield code="e">Development Book Agency</subfield>
   <subfield code="g">4400.00</subfield>
   <subfield code="l">48</subfield>
   <subfield code="m">275</subfield>
   <subfield code="o">512.13 LIA</subfield>
   <subfield code="p">3010024135</subfield>
   <subfield code="q">2026-06-02</subfield>
   <subfield code="r">2026-05-07</subfield>
   <subfield code="s">2026-05-07</subfield>
   <subfield code="t">1</subfield>
   <subfield code="w">2011-12-29</subfield>
   <subfield code="y">BK</subfield>
  </datafield>
  <datafield tag="952" ind1=" " ind2=" ">
   <subfield code="0">0</subfield>
   <subfield code="1">0</subfield>
   <subfield code="2">ddc</subfield>
   <subfield code="4">0</subfield>
   <subfield code="6">512_000000000000000__13_LIA</subfield>
   <subfield code="7">0</subfield>
   <subfield code="9">20453</subfield>
   <subfield code="a">BRACUL</subfield>
   <subfield code="b">BRACUL</subfield>
   <subfield code="c">GEN</subfield>
   <subfield code="d">2012-06-11</subfield>
   <subfield code="g">4400.00</subfield>
   <subfield code="l">40</subfield>
   <subfield code="m">260</subfield>
   <subfield code="o">512.13 LIA</subfield>
   <subfield code="p">3010025393</subfield>
   <subfield code="r">2026-05-13</subfield>
   <subfield code="s">2026-02-17</subfield>
   <subfield code="t">2</subfield>
   <subfield code="w">2012-06-11</subfield>
   <subfield code="y">BK</subfield>
  </datafield>
  <datafield tag="952" ind1=" " ind2=" ">
   <subfield code="0">0</subfield>
   <subfield code="1">0</subfield>
   <subfield code="2">ddc</subfield>
   <subfield code="4">0</subfield>
   <subfield code="6">512_130000000000000_LIA</subfield>
   <subfield code="7">0</subfield>
   <subfield code="9">20454</subfield>
   <subfield code="a">BRACUL</subfield>
   <subfield code="b">BRACUL</subfield>
   <subfield code="c">GEN</subfield>
   <subfield code="d">2012-06-11</subfield>
   <subfield code="l">24</subfield>
   <subfield code="m">116</subfield>
   <subfield code="o">512.13 LIA</subfield>
   <subfield code="p">3010025394</subfield>
   <subfield code="q">2026-01-05</subfield>
   <subfield code="r">2025-12-29</subfield>
   <subfield code="s">2025-12-29</subfield>
   <subfield code="t">3</subfield>
   <subfield code="w">2012-06-11</subfield>
   <subfield code="y">BK</subfield>
  </datafield>
 </record>
</collection>
